书目信息 |
| 书名: | 微分几何习题集 | |
| 作者: | 费金科. | |
| 分册号: | ||
| 分册名: | 出版地: | 莫斯科 : |
|
| 出版社: | 科学出版社 | |
| 出版时间: | 1979. | |
| 页数: | 271 p. ; | |
| 开本: | 20cm. | |
| 丛书名: | ||
| 中图分类号: | ||
| 科图分类号: | ||
| 其他分类号: | Q186-44 | |
| 主题词: | ||
| 电子资源: | ||
| 000 | 00425nam 2200181 a 4500 | |
| 001 | E0753384359 | |
| 005 | 20070803145239.87 | |
| 008 | 070803s1979 00010 eng | |
| 020 | @cCNY2.93. | |
| 040 | @aPFT@bchi | |
| 041 | @achi@hrus | |
| 090 | @aQ186-44 | |
| 099 | @dQ186-44@ex63 | |
| 245 | 1 | @a微分几何习题集 / @c费金科. |
| 260 | @a莫斯科 :@b科学出版社,@c1979. | |
| 300 | @a271 p. ;@c20cm. | |
| 650 | @a教材 | |
| 700 | @a费金科 | |
| 微分几何习题集 / / 费金科.-莫斯科 : : 科学出版社, , 1979. |
| 271 p. ; ; 20cm. |
| ISBN CNY2.93. |
| ● |
| 相关链接 |
|
|
|
|
正题名:微分几何习题集
索取号:Q186-44/x63
 
预约/预借
| 序号 | 登录号 | 条形码 | 馆藏地/架位号 | 状态 | 备注 |
| 1 | 49278 | 001304369 | 第二样本阅览室/ [索取号:Q186-44/x63] | 在馆 |